FC Bayern Rückennummerhistorie #13 - Statistiken

Allgemein
  • Dieses Quiz wurde 14 mal gespielt
  • Das Durchschnittsergebnis liegt bei 13 aus 60
Antwortstatistiken
Hint Antwort % Korrekt
2011-2019 Rafinha
77%
2020-2024 Eric-Maxim Choupo-Moting
69%
2002-2006 Michael Ballack
69%
1974/75 Karl-Heinz Rummenigge
54%
1987/88 Michael Rummenigge
54%
1990/91 Christian Ziege
46%
1996/97 Mario Basler
46%
1993-95 Dietmar Hamann
38%
1994-96 Lothar Matthäus
38%
1992-95; 1990/91 Michael Sternkopf
38%
1993/94 Thomas Helmer
38%
1972/73 Hans Jörg
31%
1995/96; 1991/92 Hans Pflügler
31%
1998/99 Jens Jeremies
31%
1994/95 Markus Babbel
31%
1994-96 Oliver Kreuzer
31%
1999-2002 Paulo Sergio
31%
1989-92 Roland Wohlfarth
31%
1994/95 Samuel Kuffour
31%
1995/96 Alain Sutter
23%
1995/96 Andreas Herzog
23%
1984/85 Bernd Dürnberger
23%
1991/92 Bruno Labbadia
23%
1988/89 Jürgen Wegmann
23%
1988/89; 1985/86 Ludwig Kögl
23%
1990-94 Markus Münch
23%
1990/91 Alan McInally
15%
2009/10 Andreas Görlitz
15%
1994-96 Dieter Frey
15%
1988/89 Johnny Ekström
15%
1983/84 Karl Del'Haye
15%
2008/09 Landon Donovan
15%
1989-91 Manfred Bender
15%
1992/93 Manfred Schwabl
15%
1994/95 Mazinho
15%
1992/93; 1988/89 Roland Grahammer
15%
1984/85 Bertram Beierlozer
8%
1979/80 Branko Oblak
8%
1975/76 Conny Torstensson
8%
1973/74 Edgar Schneider
8%
1977/78 Erhan Önal
8%
1973/74 Erwin Hadewicz
8%
1975/76 Fred Arbinger
8%
1977/78 Hans-Josef Kapellmann
8%
1986/87 Helmut Winklhofer
8%
1986/87 Holger Willmer
8%
1974/75 Josef Weiß
8%
1980-82 kurt Niedermayer
8%
1994/95 Marco Grimm
8%
1978/79 Martin Jol
8%
1977/78 Norbert Janzon
8%
1978/79 Peter Gruber
8%
1981/82 Peter Grünberger
8%
1976-78 Rainer Künkel
8%
1989/90 Thomas Kastenmeier
8%
1986/87 Uli Bayerschmidt
8%
1973/74 Willi Hoffmann
8%
1983/84 Wolfgang Grobe
8%
1983/84 Wolfgang Kraus
8%
1989/90 Radmilo Mihaijlovic
0%
Keine übereinstimmenden Quizze gefunden
Verteilung der Resultate
Anzahl Personen mit jedem Resultat
Perzentil nach korrekt beantworteten Fragen
Ihre Resultats-Entwicklung
Sie haben dieses Quiz noch nicht gespielt